Guess the 1960s song lyrics #358 - Statistics

General Stats
  • This quiz has been taken 12 times
  • The average score is 66 of 129
Answer Stats
Answer % Correct
a
100%
I
91%
are
82%
The
82%
the
82%
you
82%
You
82%
Your
82%
your
82%
in
73%
love
73%
my
73%
of
73%
on
73%
way
73%
all
64%
say
64%
when
64%
Why
64%
why
64%
hand
55%
hold
55%
just
55%
kiss
55%
never
55%
so
55%
Our
45%
part
45%
Ten
45%
we're
45%
comb
36%
Eight
36%
Eleven
36%
eyes
36%
Fifteen
36%
Five
36%
Four
36%
Fourteen
36%
hair
36%
heart
36%
Nine
36%
reasons
36%
Seven
36%
Six
36%
Sixteen
36%
They're
36%
Thirteen
36%
Three
36%
Twelve
36%
Two
36%
we'll
36%
alone
27%
car
27%
love's
27%
One
27%
That's
27%
care
18%
Connie Stevens
18%
star
18%
Those
18%
crazy
9%
half
9%
laughing
9%
sighs
9%
understand
9%
upon
9%
wish
9%
clothes
0%
complete
0%
freckled
0%
neat
0%
nose
0%
phone
0%
secret
0%
Snuggling
0%
thrill
0%
voice
0%
Whispering
0%
No matching quizzes found
Score Distribution
Percent of People with Each Score
Percentile by Number Answered
Your Score History
You have not taken this quiz